01001nam a2200241Ia 4500001000700000008004100007035001600048041000800064084001300072245027900085260002500364300004000389650002300429650001600452650002500468650002100493650001800514650003900532650002600571650000900597710006500606710008800671050769221003s2017 xx 000 0 spa d aCENDO_40604 aspa aCD-14781 0aEn clave de igualdad :bactúa contra la LGTBIfobia /cdirige Secretaría de Política Social y Diversidad de CCOO de Madrid ; colabora Dirección de Servicios Sociales e Integración Social de la Consejería de Políticas Sociales y Familia de la Comunidad de Madrid aMadrid :bGPS,c2017 a39 p. : bil., tab. ;c 21 x 12 cm aORIENTACION SEXUAL aLEGISLACION aIGUALDAD DE DERECHOS 0aACTITUD SINDICAL aACOSO LABORAL aDISCRIMINACION POR RAZONES DE SEXO aCOMPORTAMIENTO SEXUAL aGUIA aCCOObMadridbSecretaría de Política Social y Diversidad aMADRIDbComunidadbDirección General de Servicios Sociales e Integración Social